00514nam a2200157Ia 4500008004100000020001400041082001500055100001900070245009800089250000700187260004100194300003100235500001900266600002100285650005000306240925s9999 xx 000 0 und d a471362093 a004.22 ENG aEnglander, Irv 4aThe Architecture of Computer Hardware and Systems software an Information Technology approach aNA aNew York:bJohn Wiley & Sonsc,2002. axxiii,856p.bNAfPhotocopy aIncludes Index aComputer Science aComputer science, information & general works